Città anagrammate #1 - Statistics

Statistiche generali
  • Questo quiz è stato fatto 105 volte
    104 dall'ultimo reset
  • Il punteggio medio è 13 su 20
Statistiche sulle risposte
Hint Risposta % Corretto
NOLIMA Milano
95%
VAPODA Padova
95%
ITHECI Chieti
91%
OTNAVMA Mantova
91%
PIANOL Napoli
90%
ENOTPZA Potenza
88%
ONTRIO Torino
81%
DBIRSINI Brindisi
78%
TRANZAOCA Catanzaro
76%
CZAAINEP Piacenza
65%
LICEVLER Vercelli
65%
AANTCIA Catania
63%
STEOSORG Grosseto
63%
GROBAME Bergamo
60%
CRAPSEA Pescara
46%
CILASO Ascoli
45%
VESTRIO Treviso
45%
PRAMEII Imperia
40%
OSTORNIA Oristano
29%
TENGGAROI Agrigento
26%
Nessun quiz corrispondente trovato
Distribuzione punteggi
Percentuale di utenti per punteggio
Percentile per numero di risposta
I tuoi punteggi nel tempo
Non hai fatto questo quiz dall'ultimo reset